NBA General Knowledge Quiz #2 - Statistics

General Stats
  • This quiz has been taken 43 times
  • The average score is 9 of 15
Answer Stats
Hint Answer % Correct
Who was the singular team they lost to at home that regular season? Golden State Warriors
90%
Who won back to back NBA Championships in 1994-1995? Houston Rockets
90%
Who won the 2008 NBA MVP? Kobe Bryant
80%
Who won back to back NBA MVP's in 2002-2003? Tim Duncan
73%
*Currently*/ Who is second all time in threes made behind Stephen Curry? James Harden
71%
Who won the 2016 NBA three-point contest during all-star weekend? Klay Thompson
63%
What #1 seeded team did the 8th seed "We Believe Warriors" upset in the first round of the 2007 NBA playoffs? Dallas Mavericks
61%
Against what team did Lebron James score 29 out of the teams last 30 points in the 4th quarter/overtimes in the 2007 Eastern Conference Finals? Detroit Pistons
61%
What team did the Cleveland Cavaliers beat in the 2015 Eastern Conference Finals? Atlanta Hawks
54%
Who won the 1977 NBA Championship? Portland Trail Blazers
54%
Which NBA team in 2016 won the most home games ever in a single regular season going a crazy 40-1? San Antonio Spurs
51%
Who won NBA MVP in 1993? Charles Barkley
44%
Who was the last NBA player to win DPOY and not be on 1st Team All-Defense? Marc Gasol
32%
Who won the 1989 Finals MVP? Joe Dumars
29%
Who was the last first year head coach to win the NBA Championship? Nick Nurse
10%
No matching quizzes found
Score Distribution
Percent of People with Each Score
Percentile by Number Answered
Your Score History
You have not taken this quiz